000 00248nam a22001097a 4500
082 _a297.092 KAL'M
100 _aKALBI, MUHAMMAD ISHAQ
_975884
245 _aMKATABA ALI-O-MAIAVIA
260 _aKARACHI
_bUSMANI
_c1979
300 _a192P
942 _cBK
999 _c581296
_d581296